Catálogo
 En Linea

Grandes páginas bolivarianas / (Registro nro. 17876)

Detalles MARC
000 -CABECERA
campo de control de longitud fija 00714cam a2200217 a 4500
001 - NÚMERO DE CONTROL
campo de control 000018355
005 - FECHA Y HORA DE LA ÚLTIMA TRANSACCIÓN
campo de control 20260305073955.0
008 - DATOS DE LONGITUD FIJA--INFORMACIÓN GENERAL
campo de control de longitud fija 821210s1975 ve a 000 0 spa d
040 ## - FUENTE DE LA CATALOGACIÓN
Centro catalogador/agencia de origen DO-SdBNP
Lengua de catalogación spa
Centro/agencia transcriptor LC
Centro/agencia modificador BNPHU
050 00 - SIGNATURA TOPOGRÁFICA DE LA BIBLIOTECA DEL CONGRESO
Número de clasificación F2235.3
Número de documento/Ítem .G835
082 ## - NÚMERO DE LA CLASIFICACIÓN DECIMAL DEWEY
Número de clasificación nn*
Número de documento/Ítem G752p, 1975
049 ## - FONDOS LOCALES (OCLC)
Fondos de biblioteca BNGR
245 #0 - MENCIÓN DE TÍTULO
Título Grandes páginas bolivarianas /
Mención de responsabilidad, etc. prólogo, selección y notas Jose Manuel Castañon.
250 ## - MENCIÓN DE EDICIÓN
Mención de edición 2a ed.
260 ## - PUBLICACIÓN, DISTRIBUCIÓN, ETC.
Lugar de publicación, distribución, etc. Caracas :
Nombre del editor, distribuidor, etc. Casuz,
Fecha de publicación, distribución, etc. 1975.
300 ## - DESCRIPCIÓN FÍSICA
Extensión 360 p. :
Otras características físicas il. ;
Dimensiones 23 cm.
600 10 - PUNTO DE ACCESO ADICIONAL DE MATERIA--NOMBRE DE PERSONA
Nombre de persona Bolívar, Simón,
Fechas asociadas al nombre 1783-1830
9 (RLIN) 253
651 #0 - PUNTO DE ACCESO ADICIONAL DE MATERIA--NOMBRE GEOGRÁFICO
Nombre geográfico South America
Subdivisión general History
Subdivisión cronológica Wars of Independence, 1806-1830.
9 (RLIN) 23538
700 1# - PUNTO DE ACCESO ADICIONAL--NOMBRE DE PERSONA
Nombre de persona Castañon, Jose Manuel,
Término indicativo de función/relación pról.
9 (RLIN) 39754
910 ## - DATOS DE OPCIÓN DEL USUARIO (OCLC)
Datos de opción del usuario Catalogación derivada
Existencias
Estado de retiro Estado de pérdida Restricciones de uso No para préstamo Código de colección Localización permanente Ubicación/localización actual Ubicación en estantería Fecha de adquisición Número de inventario Total de préstamos Signatura topográfica completa Código de barras Fecha visto por última vez Precio válido a partir de Tipo de ítem Koha
    Préstamo interno   Monografías: Libros y Folletos General General En catalogación 30.04.2010 LF1   nn* G752p, 1975 18355-10 25.06.2020 25.06.2020 Préstamo interno

Con tecnología Koha